000 00851cam a22002651 4500
001 33722
003 BD-RjUL
005 20211209052041.0
008 140511s1961 ctua b 000 0 eng
035 _a(BD-RjUL)33813
035 _a(OCoLC)837663
040 _aDLC
_cMWH
_dOCoLC
_dUk
_dDLC
_dBD-RjUL
_beng
041 _aeng
082 0 4 _a301
_bDOC 1961
100 1 _aDoob, Leonard William,
_d1909-
_9102393
245 1 0 _aCommunication in Africa :
_ba search for boundaries /
_cLeonard William Doob.
260 _aNew Haven :
_bYale University Press,
_c1961.
300 _axvi, 406 p. :
_bdiagr., tables ;
_c25 cm.
504 _aBibliography: 373-393.
650 0 _aCommunication
_zAfrica, Sub-Saharan.
_9102394
651 0 _aAfrica, Sub-Saharan
_xSocial life and customs.
_9102395
942 _2ddc
_cBK
999 _c33722
_d33722